000 00852cam a22002414a 4500
001 200116
005 20180228033132.0
008 990715s1999 paua 001 0 eng
010 _a 99039654
020 _a1579541208 (hardcover : alk. paper)
035 _a(DLC) 99039654
040 _aDLC
_cDLC
_dDLC
041 _aeng
042 _apcc
080 _a613.04244 JUL
082 0 0 _a613.04244 JUL
_221
100 1 _a4
101 _aSHM
245 1 0 _aGrowing younger :
_cby Julia Van Tine, Bridget Doherty, and the editors of Prevention Health Books for women.
906 _a7
_bcbc
_corignew
_d1
_eocip
_f19
_gy-gencatlg
942 _2ddc
_cBK
999 _c43671
_d43671